Derecho Penal: Parte General Tomo II (Registro nro. 2932)
[ vista simple ]
| 000 -Cabecera | |
|---|---|
| Campo de control de longitud fija | 00803aam a2200301 4500 |
| 005 - Fecha y hora de la última transacción | |
| Campo de control | 20250819155513.0 |
| 008 - Elementos de longitud fija--Información general | |
| Campo de control de longitud fija | 150618b2010 xxu||||| |||| 00| 0 spa d |
| 020 ## - International Standard Book Number | |
| Número Internacional Estándar del Libro (ISBN) | 9789968561150 |
| 041 ## - Idioma | |
| Código de idioma | Español |
| 082 ## - Clasificación Decimal Dewey | |
| Número de clasificación | 345 C348d |
| 100 ## - Entrada principal--Autor personal | |
| Nombre personal | Castillo González, Francisco |
| 9 (RLIN) | 2159 |
| 245 ## - Título propiamente dicho | |
| Título | Derecho Penal: Parte General Tomo II |
| 260 ## - Pie de imprenta | |
| Lugar de publicación, distribución, etc. | Costa Rica |
| 260 ## - Pie de imprenta | |
| Nombre del editor, distribuidor, etc. | Editorial Jurídica Continental |
| 260 ## - Pie de imprenta | |
| Fecha de publicación, distribución, etc. | 2010 |
| 300 ## - Descripción física | |
| Extensión | 720 páginas |
| 490 ## - Serie | |
| Título de la Serie | Investigación Criminal |
| 650 ## - Materia general | |
| Temática (materia general) | DERECHO PENAL |
| 650 ## - Materia general | |
| Temática (materia general) | ANTIJURICIDAD |
| 650 ## - Materia general | |
| Temática (materia general) | CAUSAS DE JUSTIFICACIÓN |
| 650 ## - Materia general | |
| Temática (materia general) | LEGITIMA DEFENSA |
| 650 ## - Materia general | |
| Temática (materia general) | NECESIDAD JUSTIFICANTE |
| 650 ## - Materia general | |
| Temática (materia general) | COLISIÓN DE DEBERES |
| 650 ## - Materia general | |
| Temática (materia general) | CULPABILIDAD |
| 650 ## - Materia general | |
| Temática (materia general) | DERECHO LEGAL |
| 650 ## - Materia general | |
| Temática (materia general) | DETENCIÓN |
| 942 ## - Punto de acceso adicional KOHA | |
| Tipo de ítem KOHA | Libro |
| Fuente del sistema de clasificación o colocación | Dewey Decimal Classification |
| Signatura completa | Código de barras | Programa Académico | Tipo de ítem |
|---|---|---|---|
| 345 C348d | 16361 | Investigación Criminal | Libro |